000 00230nam a22000857a 4500
008 170111b xxu||||| |||| 00| 0 eng d
100 _92329
_aMalhotra.S.etal.
245 _aFun with Mental Mathematics-4
260 _aNew Delhi
_bFrank
_c2011
999 _c5267
_d5267